| 000 | 00778nam a2200253 4500 | ||
|---|---|---|---|
| 003 | MX001000458293 | ||
| 005 | 20260530115307.0 | ||
| 008 | 260504b1987 mx ||||| |||| 00| 0 spa d | ||
| 020 | _a9686198048 | ||
| 040 |
_aICI _bspa _cICI |
||
| 041 | _aspa | ||
| 050 | 4 |
_aTD883.7M4 _bB73 1987 |
|
| 100 | 1 |
_aBravo Álvarez, Humberto, _eautor _932171 |
|
| 245 | 1 | 3 |
_aLa contaminacion del aire en Mexico / _cHumberto Bravo Alvarez |
| 264 | 1 |
_aMéxico : _bFundación universo veintiuno, _c1987 |
|
| 300 | _aVolúmenes | ||
| 336 |
_atexto _2rdacontent |
||
| 337 |
_asin medio _2rdamedia |
||
| 338 |
_avolumen _2rdacarrier |
||
| 650 | 4 |
_aCalidad del aire _zMéxico _932172 |
|
| 650 | 4 |
_aAire _xContaminación _zMéxico |
|
| 650 | 4 |
_aAire _xContaminacion _zMexico |
|
| 942 |
_2lcc _cBK _n1 |
||
| 999 |
_c13145 _d13145 |
||